[Event "HUN-chT2 Toth 1718"]
[Site "Hungary"]
[Date "2017.12.17"]
[Round "6.2"]
[White "Balla, Tibor"]
[Black "Balazs, Tibor Jr"]
[Result "1/2-1/2"]
[WhiteElo "2054"]
[BlackElo "2117"]
[PlyCount "32"]
[EventDate "2017.09.24"]
[EventType "team-tourn"]
[EventRounds "11"]
[EventCountry "HUN"]
[SourceTitle "EXT 2021"]
[Source "ChessBase"]
[SourceDate "2020.10.23"]
[SourceVersion "1"]
[SourceVersionDate "2020.10.23"]
[SourceQuality "1"]
[WhiteTeam "Szeged Meritum"]
[BlackTeam "Mako Duocor II"]
[WhiteTeamCountry "HUN"]
[BlackTeamCountry "HUN"]

1. e4 c5 2. Nf3 e6 3. c3 d5 4. exd5 Qxd5 5. Be2 Nf6 6. 0-0 Be7 7. d4 0-0 8. Be3 cxd4 9. Qxd4 Nc6 10. Qxd5 Nxd5 11. Bg5 f6 12. Bd2 e5 13. a3 Be6 14. b4 Nb6 15. Be3 Nc4 16. Nbd2 Nxe3 1/2-1/2

[Event "HUN-chT2 Toth 1617"]
[Site "Hungary"]
[Date "2016.10.30"]
[Round "3.2"]
[White "Nagy, Tibor1111"]
[Black "Balazs, Tibor Jr"]
[Result "1/2-1/2"]
[WhiteElo "1942"]
[BlackElo "2137"]
[PlyCount "25"]
[EventDate "2016.09.25"]
[EventType "team-tourn"]
[EventRounds "11"]
[EventCountry "HUN"]
[SourceTitle "EXT 2021"]
[Source "ChessBase"]
[SourceDate "2020.10.23"]
[SourceVersion "1"]
[SourceVersionDate "2020.10.23"]
[SourceQuality "1"]
[WhiteTeam "Nadudvar"]
[BlackTeam "Mako Duocor II"]
[WhiteTeamCountry "HUN"]
[BlackTeamCountry "HUN"]

1. g3 c5 2. c4 g6 3. Bg2 Bg7 4. Nc3 Nc6 5. e3 e5 6. Nge2 Nge7 7. 0-0 0-0 8. d4 cxd4 9. exd4 exd4 10. Nb5 a6 11. Nbxd4 Nxd4 12. Nxd4 d5 13. cxd5 1/2-1/2

[Event "HUN-chT2 Toth 1516"]
[Site "Hungary"]
[Date "2016.02.14"]
[Round "7.3"]
[White "Takacs, Lajos"]
[Black "Balazs, Tibor Jr"]
[Result "1/2-1/2"]
[WhiteElo "2136"]
[BlackElo "2138"]
[PlyCount "45"]
[EventDate "2015.09.13"]
[EventType "team-tourn"]
[EventRounds "11"]
[EventCountry "HUN"]
[SourceTitle "EXT 2017"]
[Source "ChessBase"]
[SourceDate "2016.10.25"]
[SourceVersion "1"]
[SourceVersionDate "2016.10.25"]
[SourceQuality "1"]
[WhiteTeam "Ujszasz"]
[BlackTeam "Mako SVSE II"]
[WhiteTeamCountry "HUN"]
[BlackTeamCountry "HUN"]

1. e4 c5 2. c4 Nc6 3. Ne2 g6 4. d4 cxd4 5. Nxd4 Nf6 6. Nc3 d6 7. Be2 Nxd4 8. Qxd4 Bg7 9. Be3 0-0 10. Qd2 Be6 11. f3 a5 12. 0-0 Nd7 13. Nd5 Nc5 14. Bd4 Bxd4+ 15. Qxd4 Bxd5 16. cxd5 Qb6 17. Rac1 Rfc8 18. Kh1 Nd7 19. Qd2 Rc5 20. Rxc5 Nxc5 21. Rc1 Qb4 22. Qc2 f6 23. Qc3 1/2-1/2

[Event "HUN-chT2 Toth 1415"]
[Site "Hungary"]
[Date "2015.03.01"]
[Round "9.2"]
[White "Retkes, Peter"]
[Black "Balazs, Tibor Jr"]
[Result "0-1"]
[WhiteElo "1946"]
[BlackElo "2159"]
[PlyCount "48"]
[EventDate "2014.09.07"]
[EventType "team-tourn"]
[EventRounds "11"]
[EventCountry "HUN"]
[SourceTitle "EXT 2016"]
[Source "ChessBase"]
[SourceDate "2015.10.08"]
[SourceVersion "1"]
[SourceVersionDate "2015.10.08"]
[SourceQuality "1"]
[WhiteTeam "Roszke"]
[BlackTeam "Mako II"]
[WhiteTeamCountry "HUN"]
[BlackTeamCountry "HUN"]

1. e4 c5 2. Nf3 g6 3. c3 Bg7 4. d4 cxd4 5. cxd4 d5 6. e5 Nc6 7. Nc3 Nh6 8. h3 0-0 9. g4 f6 10. Qb3 fxe5 11. Nxe5 Nxd4 12. Qd1 Bxe5 13. Bxh6 Nf3+ 14. Ke2 Nd4+ 15. Ke1 Rf7 16. Bg2 e6 17. h4 Qf6 18. Be3 Nf3+ 19. Bxf3 Qxf3 20. Qxf3 Rxf3 21. Ke2 Rf7 22. Rad1 b6 23. f3 Bb7 24. Rhf1 Ba6+ 0-1

[Event "HUN-chT2 Toth 1415"]
[Site "Hungary"]
[Date "2014.11.16"]
[Round "4.3"]
[White "Donko, Matyas"]
[Black "Balazs, Tibor Jr"]
[Result "1/2-1/2"]
[WhiteElo "2022"]
[BlackElo "2159"]
[PlyCount "22"]
[EventDate "2014.09.07"]
[EventType "team-tourn"]
[EventRounds "11"]
[EventCountry "HUN"]
[SourceTitle "EXT 2016"]
[Source "ChessBase"]
[SourceDate "2015.10.08"]
[SourceVersion "1"]
[SourceVersionDate "2015.10.08"]
[SourceQuality "1"]
[WhiteTeam "Takisz"]
[BlackTeam "Mako II"]
[WhiteTeamCountry "HUN"]
[BlackTeamCountry "HUN"]

1. e4 c5 2. Nf3 e6 3. d4 cxd4 4. Nxd4 Nf6 5. Nc3 Nc6 6. Ndb5 d6 7. Bf4 e5 8. Bg5 a6 9. Na3 b5 10. Nd5 Be7 11. Nxe7 Nxe7 1/2-1/2

[Event "HUN-chT2 Toth 1415"]
[Site "Hungary"]
[Date "2014.10.12"]
[Round "3.3"]
[White "Balazs, Tibor Jr"]
[Black "Biro, Istvan"]
[Result "1/2-1/2"]
[WhiteElo "2159"]
[BlackElo "2016"]
[PlyCount "29"]
[EventDate "2014.09.07"]
[EventType "team-tourn"]
[EventRounds "11"]
[EventCountry "HUN"]
[SourceTitle "EXT 2016"]
[Source "ChessBase"]
[SourceDate "2015.10.08"]
[SourceVersion "1"]
[SourceVersionDate "2015.10.08"]
[SourceQuality "1"]
[WhiteTeam "Mako II"]
[BlackTeam "Oroshaza"]
[WhiteTeamCountry "HUN"]
[BlackTeamCountry "HUN"]

1. c4 c5 2. g3 Nc6 3. Bg2 g6 4. Nc3 Bg7 5. d3 d6 6. Nf3 e5 7. Nd2 Nge7 8. Nf1 Be6 9. Ne3 0-0 10. Ned5 Qd7 11. 0-0 Bh3 12. Bh6 Nxd5 13. Nxd5 Bxg2 14. Kxg2 Ne7 15. Bxg7 1/2-1/2

[Event "HUN-chT2 Maroczy 1314"]
[Site "Hungary"]
[Date "2014.03.23"]
[Round "9"]
[White "Balazs, Tibor Jr"]
[Black "Herpai, Jozsef"]
[Result "1/2-1/2"]
[WhiteElo "2181"]
[BlackElo "2228"]
[PlyCount "21"]
[EventDate "2013.09.08"]
[EventType "team-tourn"]
[EventRounds "11"]
[EventCountry "HUN"]
[SourceTitle "EXT 2016"]
[Source "ChessBase"]
[SourceDate "2015.10.08"]
[SourceVersion "1"]
[SourceVersionDate "2015.10.08"]
[SourceQuality "1"]
[WhiteTeam "Mako II"]
[BlackTeam "Szeged Maroczy"]
[WhiteTeamCountry "HUN"]
[BlackTeamCountry "HUN"]

1. c4 Nf6 2. g3 c5 3. Bg2 Nc6 4. Nc3 g6 5. e4 Bg7 6. Nge2 d6 7. d3 0-0 8. 0-0 a6 9. a4 Rb8 10. h3 Ne8 11. Be3 1/2-1/2

[Event "HUN-chT2 Maroczy 1314"]
[Site "Hungary"]
[Date "2014.02.16"]
[Round "7"]
[White "Balazs, Tibor Jr"]
[Black "Hegyesi, Zoltan"]
[Result "1/2-1/2"]
[WhiteElo "2181"]
[BlackElo "2202"]
[PlyCount "50"]
[EventDate "2013.09.08"]
[EventType "team-tourn"]
[EventRounds "11"]
[EventCountry "HUN"]
[SourceTitle "EXT 2016"]
[Source "ChessBase"]
[SourceDate "2015.10.08"]
[SourceVersion "1"]
[SourceVersionDate "2015.10.08"]
[SourceQuality "1"]
[WhiteTeam "Mako II"]
[BlackTeam "Kisujszallas"]
[WhiteTeamCountry "HUN"]
[BlackTeamCountry "HUN"]

1. d4 d5 2. Nf3 Nf6 3. c4 c6 4. Nc3 a6 5. c5 g6 6. Bf4 Bg7 7. h3 0-0 8. e3 Nbd7 9. Be2 Ne8 10. 0-0 Nc7 11. Bg3 Re8 12. Re1 e5 13. dxe5 Nxe5 14. Nxe5 Bxe5 15. Bxe5 Rxe5 16. Qd4 Qe7 17. b4 Bf5 18. a4 f6 19. Rac1 a5 20. bxa5 Bc8 21. Qb4 Na6 22. Bxa6 Rxa6 23. Red1 f5 24. Ne2 Qc7 25. Rd4 Qxa5 1/2-1/2

[Event "HUN-chT2 Maroczy 1314"]
[Site "Hungary"]
[Date "2013.10.20"]
[Round "3"]
[White "Mokcsay, Robert"]
[Black "Balazs, Tibor Jr"]
[Result "1-0"]
[WhiteElo "2277"]
[BlackElo "2181"]
[PlyCount "91"]
[EventDate "2013.09.08"]
[EventType "team-tourn"]
[EventRounds "11"]
[EventCountry "HUN"]
[SourceTitle "EXT 2016"]
[Source "ChessBase"]
[SourceDate "2015.10.08"]
[SourceVersion "1"]
[SourceVersionDate "2015.10.08"]
[SourceQuality "1"]
[WhiteTeam "Penzugyor II"]
[BlackTeam "Mako II"]
[WhiteTeamCountry "HUN"]
[BlackTeamCountry "HUN"]

1. c4 c5 2. Nc3 Nc6 3. g3 g6 4. Bg2 Bg7 5. d3 d6 6. e4 e6 7. Nge2 Nge7 8. Bg5 h6 9. Be3 Nd4 10. Qd2 0-0 11. h4 Kh7 12. g4 Nec6 13. f4 Nxe2 14. Nxe2 Qa5 15. Qxa5 Nxa5 16. 0-0-0 f5 17. g5 h5 18. b3 Rb8 19. e5 b6 20. exd6 Rd8 21. d4 cxd4 22. Bxd4 Bb7 23. Bxb7 Rxb7 24. Be5 Nc6 25. Nd4 Bxe5 26. fxe5 Nxe5 27. Nxe6 Re8 28. Nf4 Rd8 29. Rhe1 Nf7 30. Re7 Rxe7 31. dxe7 Rxd1+ 32. Kxd1 Nd6 33. Ne6 Kg8 34. Nd8 Ne8 35. Ke2 Nc7 36. Ke3 Ne8 37. Kd4 Nc7 38. Ke5 Ne8 39. b4 a5 40. bxa5 bxa5 41. c5 a4 42. c6 a3 43. Ne6 Kf7 44. c7 Nxc7 45. Nxc7 Kxe7 46. Nb5 1-0

[Event "HUN-chT2 Maroczy 1314"]
[Site "Hungary"]
[Date "2013.08.22"]
[Round "2"]
[White "Balazs, Tibor Jr"]
[Black "Sarosi, Zoltan"]
[Result "0-1"]
[WhiteElo "2181"]
[BlackElo "2265"]
[PlyCount "68"]
[EventDate "2013.09.08"]
[EventType "team-tourn"]
[EventRounds "11"]
[EventCountry "HUN"]
[SourceTitle "EXT 2016"]
[Source "ChessBase"]
[SourceDate "2015.10.08"]
[SourceVersion "1"]
[SourceVersionDate "2015.10.08"]
[SourceQuality "1"]
[WhiteTeam "Mako II"]
[BlackTeam "Toth Laszlo"]
[WhiteTeamCountry "HUN"]
[BlackTeamCountry "HUN"]

1. c4 e5 2. g3 Nf6 3. Bg2 c6 4. d4 exd4 5. Qxd4 d5 6. Nf3 Be7 7. 0-0 0-0 8. Rd1 dxc4 9. Qxd8 Rxd8 10. Rxd8+ Bxd8 11. Na3 c3 12. bxc3 Ne4 13. Bb2 Bf6 14. Rd1 Nd7 15. Nd4 Ndc5 16. Ba1 Bd7 17. Nc4 Be6 18. Nxe6 fxe6 19. Rc1 Rd8 20. Bh3 Kf7 21. Bg2 b5 22. Na5 Rd2 23. Nxc6 Rxa2 24. Nb4 Rxe2 25. Bf1 Rd2 26. Bxb5 Nxf2 27. Rf1 Nce4 28. Bc6 a5 29. Bxe4 Nxe4 30. Nc6 a4 31. c4 a3 32. Nd4 a2 33. Nb3 Rc2 34. Nc1 Nd2 0-1

[Event "HUN-chT2 Toth 1213"]
[Site "Hungary"]
[Date "2013.03.24"]
[Round "9.2"]
[White "Bodrogi, Laszlo"]
[Black "Balazs, Tibor Jr"]
[Result "1-0"]
[WhiteElo "2038"]
[BlackElo "2202"]
[PlyCount "63"]
[EventDate "2012.09.16"]
[EventType "team-tourn"]
[EventRounds "11"]
[EventCountry "HUN"]
[SourceTitle "EXT 2014"]
[Source "ChessBase"]
[SourceDate "2013.11.20"]
[SourceVersion "1"]
[SourceVersionDate "2013.11.20"]
[SourceQuality "1"]
[WhiteTeam "Abony"]
[BlackTeam "Mako II"]
[WhiteTeamCountry "HUN"]
[BlackTeamCountry "HUN"]

1. d4 Nf6 2. c4 c5 3. d5 b5 4. cxb5 a6 5. Nc3 axb5 6. e4 b4 7. Nb5 d6 8. Bf4 g5 9. Bxg5 Nxe4 10. Bf4 Ra6 11. Bd3 Nf6 12. Qe2 Bg7 13. Nf3 Nxd5 14. Bg3 Nf6 15. Ng5 Bb7 16. 0-0 h6 17. Nh3 0-0 18. Nf4 e5 19. Nh5 Nxh5 20. Qxh5 e4 21. Bc4 Qe7 22. Rad1 d5 23. Bxd5 Bxd5 24. Rxd5 Rc8 25. Nd6 Rf8 26. Nf5 Qg5 27. Qd1 Qf6 28. Nxg7 Qxg7 29. Be5 f6 30. Bd6 Re8 31. Bxc5 Rxa2 32. Qb3 1-0

[Event "HUN-chT 1213"]
[Site "Hungary"]
[Date "2013.02.17"]
[Round "7"]
[White "Zsinka, Laszlo"]
[Black "Balazs, Tibor Jr"]
[Result "1-0"]
[WhiteElo "2272"]
[BlackElo "2202"]
[PlyCount "103"]
[EventDate "2012.09.16"]
[EventType "team-tourn"]
[EventRounds "9"]
[EventCountry "HUN"]
[SourceTitle "EXT 2014"]
[Source "ChessBase"]
[SourceDate "2013.11.20"]
[SourceVersion "1"]
[SourceVersionDate "2013.11.20"]
[SourceQuality "1"]
[WhiteTeam "MLTC"]
[BlackTeam "Mako"]
[WhiteTeamCountry "HUN"]
[BlackTeamCountry "HUN"]

1. d4 Nf6 2. c4 g6 3. Nc3 d5 4. cxd5 Nxd5 5. Bd2 Bg7 6. e4 Nxc3 7. Bxc3 0-0 8. Qd2 c5 9. d5 Nd7 10. Bc4 Bxc3 11. Qxc3 Qc7 12. Nf3 Qf4 13. 0-0 Nb6 14. Rfe1 Bg4 15. Ne5 Na4 16. g3 Qg5 17. f4 Qh5 18. Qc2 Nb6 19. Rac1 Rac8 20. b3 Rc7 21. a4 Nc8 22. Qf2 Nd6 23. Nxg4 Qxg4 24. e5 Ne8 25. Be2 Qc8 26. Red1 b6 27. Bb5 a6 28. Bc4 Rd7 29. f5 Ng7 30. g4 Qb7 31. d6 Qe4 32. Qg2 Qxg2+ 33. Kxg2 exd6 34. f6 Ne6 35. Bxe6 fxe6 36. Rxd6 Rxd6 37. exd6 Rd8 38. Rd1 g5 39. Kf3 Kf7 40. Ke4 b5 41. Ke5 bxa4 42. bxa4 c4 43. Rb1 c3 44. Rb7+ Kg6 45. Rg7+ Kh6 46. Rc7 a5 47. d7 c2 48. Kxe6 Rf8 49. Ke7 c1Q 50. Rxc1 Rxf6 51. d8Q Rf7+ 52. Ke8 1-0

[Event "HUN-chT 1213"]
[Site "Hungary"]
[Date "2012.09.16"]
[Round "1"]
[White "Balazs, Tibor Jr"]
[Black "Bali, Janos"]
[Result "1/2-1/2"]
[WhiteElo "2202"]
[BlackElo "2260"]
[PlyCount "21"]
[EventDate "2012.09.16"]
[EventType "team-tourn"]
[EventRounds "9"]
[EventCountry "HUN"]
[SourceTitle "EXT 2013"]
[Source "ChessBase"]
[SourceDate "2012.11.22"]
[SourceVersion "1"]
[SourceVersionDate "2012.11.22"]
[SourceQuality "1"]
[WhiteTeam "Mako"]
[BlackTeam "BEAC"]
[WhiteTeamCountry "HUN"]
[BlackTeamCountry "HUN"]

1. e4 d6 2. d4 Nf6 3. Nc3 e5 4. Nf3 Nbd7 5. Bc4 Be7 6. 0-0 0-0 7. h3 c6 8. a4 b6 9. Qe2 a6 10. Rd1 Qc7 11. d5 1/2-1/2

[Event "HUN-chT 1011"]
[Site "Hungary"]
[Date "2011.04.17"]
[Round "9"]
[White "Toth, Sarolta"]
[Black "Balazs, Tibor Jr"]
[Result "1/2-1/2"]
[WhiteElo "2200"]
[BlackElo "2198"]
[PlyCount "64"]
[EventDate "2010.10.10"]
[EventType "team-tourn"]
[EventRounds "11"]
[EventCountry "HUN"]
[SourceTitle "EXT 2012"]
[Source "ChessBase"]
[SourceDate "2011.11.24"]
[SourceVersion "1"]
[SourceVersionDate "2011.11.24"]
[SourceQuality "1"]
[WhiteTeam "Decs"]
[BlackTeam "Mako"]
[WhiteTeamCountry "HUN"]
[BlackTeamCountry "HUN"]

1. Nf3 Nf6 2. c4 g6 3. Nc3 d5 4. cxd5 Nxd5 5. Qa4+ Nc6 6. Ne5 Ndb4 7. Nxc6 Nxc6 8. g3 Bg7 9. Bg2 Bd7 10. Qh4 Nd4 11. 0-0 Bc6 12. Bxc6+ Nxc6 13. d3 h5 14. Bg5 Nd4 15. Rac1 Qd7 16. Qe4 c6 17. b4 0-0 18. Bf4 Rac8 19. Be5 Bxe5 20. Qxe5 Rfd8 21. Rfe1 Qc7 22. Qxc7 Rxc7 23. Ne4 Ne6 24. Nc5 Nd4 25. Kf1 a5 26. a3 axb4 27. axb4 Ra8 28. Ra1 Rxa1 29. Rxa1 b6 30. Ne4 Nc2 31. Rb1 Ra7 32. Rb2 Ra1+ 1/2-1/2

[Event "HUN-chT2 Toth 1011"]
[Site "Hungary"]
[Date "2010.09.26"]
[Round "2.3"]
[White "Szajbely, Zsigmond"]
[Black "Balazs, Tibor Jr"]
[Result "1/2-1/2"]
[WhiteElo "2059"]
[BlackElo "2198"]
[PlyCount "61"]
[EventDate "2010.09.12"]
[EventType "team-tourn"]
[EventRounds "11"]
[EventCountry "HUN"]
[SourceTitle "EXT 2012"]
[Source "ChessBase"]
[SourceDate "2011.11.24"]
[SourceVersion "1"]
[SourceVersionDate "2011.11.24"]
[SourceQuality "1"]
[WhiteTeam "Maroczy II"]
[BlackTeam "Mako"]
[WhiteTeamCountry "HUN"]
[BlackTeamCountry "HUN"]

1. e4 c5 2. Nf3 e6 3. d4 cxd4 4. Nxd4 Nf6 5. Nc3 Nc6 6. Ndb5 Bb4 7. a3 Bxc3+ 8. Nxc3 d5 9. exd5 exd5 10. Bd3 0-0 11. 0-0 d4 12. Ne4 Bf5 13. Bg5 Bxe4 14. Bxe4 Re8 15. Bxc6 bxc6 16. Qf3 Qd5 17. Bxf6 Qxf3 18. gxf3 gxf6 19. Rfe1 Kf8 20. Rad1 c5 21. Rxe8+ Rxe8 22. b4 Re2 23. bxc5 Rxc2 24. Rxd4 Rxc5 25. Kf1 Rc3 26. Ra4 Rc1+ 27. Kg2 Rc7 28. Kg3 Kg7 29. Ra5 Kg6 30. f4 f5 31. f3 1/2-1/2

[Event "HUN-chT 0910"]
[Site "Hungary"]
[Date "2010.05.02"]
[Round "11"]
[White "Pergel, Laszlo"]
[Black "Balazs, Tibor Jr"]
[Result "1/2-1/2"]
[WhiteElo "2301"]
[BlackElo "2195"]
[PlyCount "61"]
[EventDate "2009.11.08"]
[EventType "team-tourn"]
[EventRounds "11"]
[EventCountry "HUN"]
[SourceTitle "EXT 2011"]
[Source "ChessBase"]
[SourceDate "2010.11.26"]
[SourceVersion "1"]
[SourceVersionDate "2010.11.26"]
[SourceQuality "1"]
[WhiteTeam "Haladas"]
[BlackTeam "Mako"]
[WhiteTeamCountry "HUN"]
[BlackTeamCountry "HUN"]

1. e4 c5 2. Nf3 e6 3. Nc3 Nc6 4. d4 cxd4 5. Nxd4 Nf6 6. Ndb5 Bb4 7. a3 Bxc3+ 8. Nxc3 d5 9. exd5 exd5 10. Bd3 0-0 11. 0-0 d4 12. Ne4 Bf5 13. Bg5 Bxe4 14. Bxe4 Re8 15. Bxc6 bxc6 16. Qf3 Qd5 17. Bxf6 Qxf3 18. gxf3 gxf6 19. Rfe1 c5 20. Kf1 a5 21. Rxe8+ Rxe8 22. Rd1 Rb8 23. b3 a4 24. bxa4 Ra8 25. c3 Rxa4 26. cxd4 cxd4 27. Rd3 Kg7 28. Ke2 Kg6 29. Rb3 Kf5 30. Rb4 Rxa3 31. Rxd4 1/2-1/2

[Event "HUN-chT 0708"]
[Site "Hungary"]
[Date "2007.12.16"]
[Round "5"]
[White "Balazs, Tibor Jr"]
[Black "Horvath, Tamas"]
[Result "0-1"]
[WhiteElo "2190"]
[BlackElo "2419"]
[PlyCount "68"]
[EventDate "2007.10.14"]
[EventType "team"]
[EventRounds "11"]
[EventCountry "HUN"]
[SourceTitle "EXT 2009"]
[Source "ChessBase"]
[SourceDate "2008.11.26"]
[SourceVersion "1"]
[SourceVersionDate "2008.11.26"]
[SourceQuality "1"]
[WhiteTeam "Mako"]
[BlackTeam "Csuti"]
[WhiteTeamCountry "HUN"]
[BlackTeamCountry "HUN"]

1. d4 Nf6 2. Nf3 e6 3. g3 b5 4. Bg2 Bb7 5. 0-0 c5 6. b3 Be7 7. Bb2 0-0 8. dxc5 Bxc5 9. Na3 a6 10. c4 Qe7 11. Nc2 bxc4 12. bxc4 d6 13. Rb1 Nbd7 14. Bd4 Rab8 15. Nd2 Bxg2 16. Kxg2 Rxb1 17. Qxb1 Rb8 18. Qa1 Qd8 19. Rb1 Rxb1 20. Qxb1 Qa8+ 21. f3 Qa7 22. Qb2 h6 23. e4 Qc7 24. Nb4 Qb6 25. Bxc5 Nxc5 26. Nd3 Qc6 27. Nb4 Qa4 28. Qc3 Qd1 29. Nd3 Qe2+ 30. Nf2 Nfd7 31. f4 Nf6 32. Kg1 Qxf2+ 33. Kxf2 Nfxe4+ 34. Nxe4 Nxe4+ 0-1

[Event "HUN-chT 0708"]
[Site "Hungary"]
[Date "2007.10.14"]
[Round "1"]
[White "Koczo, Kristof"]
[Black "Balazs, Tibor Jr"]
[Result "1/2-1/2"]
[WhiteElo "2235"]
[BlackElo "2190"]
[PlyCount "36"]
[EventDate "2007.10.14"]
[EventType "team"]
[EventRounds "11"]
[EventCountry "HUN"]
[SourceTitle "EXT 2009"]
[Source "ChessBase"]
[SourceDate "2008.11.26"]
[SourceVersion "1"]
[SourceVersionDate "2008.11.26"]
[SourceQuality "1"]
[WhiteTeam "Honved"]
[BlackTeam "Mako"]
[WhiteTeamCountry "HUN"]
[BlackTeamCountry "HUN"]

1. d4 Nf6 2. c4 e6 3. Nc3 d5 4. cxd5 exd5 5. Bg5 Bb4 6. e3 h6 7. Bxf6 Bxc3+ 8. bxc3 Qxf6 9. Qb3 c6 10. c4 0-0 11. cxd5 cxd5 12. Qxd5 Nc6 13. Bd3 Nb4 14. Qb3 Nxd3+ 15. Qxd3 Bf5 16. Qb3 Qg6 17. g3 Bc2 18. Qa3 Bd3 1/2-1/2

[Event "HUN-chT 0607"]
[Site "Hungary"]
[Date "2007.05.06"]
[Round "10"]
[White "Bors, Tamas"]
[Black "Balazs, Tibor Jr"]
[Result "0-1"]
[WhiteElo "2239"]
[BlackElo "2195"]
[PlyCount "37"]
[EventDate "2006.11.12"]
[EventType "team"]
[EventRounds "11"]
[EventCountry "HUN"]
[SourceTitle "EXT 2008"]
[Source "ChessBase"]
[SourceDate "2007.11.25"]
[SourceVersion "1"]
[SourceVersionDate "2007.11.25"]
[SourceQuality "1"]
[WhiteTeam "Taban Spartacus"]
[BlackTeam "Mako"]
[WhiteTeamCountry "HUN"]
[BlackTeamCountry "HUN"]

1. c4 Nf6 2. g3 e6 3. Bg2 c5 4. Nf3 Nc6 5. 0-0 Be7 6. d4 cxd4 7. Nxd4 0-0 8. Nc3 a6 9. e4 Qc7 10. b3 Rb8 11. Be3 d6 12. Rc1 Bd7 13. h3 Rfe8 14. Qd2 Qa5 15. f4 Rbc8 16. Nf3 Bf8 17. Qf2 Nb4 18. Rfd1 Bc6 19. Bb6 0-1

[Event "HUN-chT 0607"]
[Site "Hungary"]
[Date "2006.11.26"]
[Round "2"]
[White "Balazs, Tibor Jr"]
[Black "Madl, Ildiko"]
[Result "1/2-1/2"]
[WhiteElo "2195"]
[BlackElo "2379"]
[PlyCount "166"]
[EventDate "2006.11.12"]
[EventType "team"]
[EventRounds "11"]
[EventCountry "HUN"]
[SourceTitle "EXT 2008"]
[Source "ChessBase"]
[SourceDate "2007.11.25"]
[SourceVersion "1"]
[SourceVersionDate "2007.11.25"]
[SourceQuality "1"]
[WhiteTeam "Mako"]
[BlackTeam "Csuti"]
[WhiteTeamCountry "HUN"]
[BlackTeamCountry "HUN"]

1. e4 c5 2. Nf3 Nc6 3. d4 cxd4 4. Nxd4 Nf6 5. Nc3 d6 6. Bc4 e6 7. Be3 a6 8. Qe2 Qc7 9. Bb3 Na5 10. g4 h6 11. g5 hxg5 12. Bxg5 Qc5 13. Be3 Qh5 14. Nf3 Nxb3 15. axb3 Bd7 16. Nd2 Bc6 17. f3 d5 18. exd5 Nxd5 19. Nxd5 Bxd5 20. 0-0-0 Rc8 21. Kb1 Qf5 22. Ne4 Bxe4 23. fxe4 Qxe4 24. Qd2 Qc6 25. Rhg1 Rh5 26. Bd4 Rd5 27. Qe2 Rcd8 28. Bc3 Rxd1+ 29. Rxd1 Rxd1+ 30. Qxd1 Qd5 31. Qg1 e5 32. Qg5 f6 33. Qg6+ Kd7 34. h4 Qe6 35. h5 b5 36. Qe4 Be7 37. Qg6 Bf8 38. Qe4 Ke8 39. Qg6+ Qf7 40. Qf5 Qd7 41. Qg6+ Qf7 42. Qf5 Qd5 43. Qg6+ Kd7 44. Qf5+ Qe6 45. Qe4 Qd6 46. Qf5+ Ke7 47. Qg4 Kf7 48. Qg6+ Kg8 49. h6 Qe7 50. hxg7 Qxg7 51. Qe8 Qf7 52. Qc8 Qd5 53. Qg4+ Bg7 54. Qf5 Qd6 55. Qg4 Qc6 56. Bd2 Qd5 57. Bc1 Kf8 58. Qf5 a5 59. Qc8+ Kf7 60. Qf5 b4 61. Qh5+ Ke7 62. Qh7 Qf7 63. Qe4 Qe6 64. Qg6 Bf8 65. Be3 Kd7 66. Qe4 f5 67. Qb7+ Ke8 68. Qa8+ Kf7 69. Qxa5 f4 70. Bxf4 exf4 71. Qc7+ Ke8 72. Qxf4 Bd6 73. Qf1 Ke7 74. Qh1 Qe5 75. Qh7+ Kd8 76. Qh1 Qd4 77. Qc1 Bf4 78. Qe1 Be5 79. Qc1 Kd7 80. c3 Qe4+ 81. Qc2 Qe1+ 82. Qc1 Qe4+ 83. Qc2 Qe1+ 1/2-1/2

[Event "HUN-chT2 Toth 0506"]
[Site "Hungary"]
[Date "2006.04.09"]
[Round "10"]
[White "Balazs, Tibor Jr"]
[Black "Andor, Laszlo"]
[Result "1-0"]
[WhiteElo "2192"]
[BlackElo "2152"]
[PlyCount "65"]
[EventDate "2005.10.16"]
[EventType "team"]
[EventRounds "11"]
[EventCountry "HUN"]
[SourceTitle "EXT 2009"]
[Source "ChessBase"]
[SourceDate "2008.11.26"]
[SourceVersion "1"]
[SourceVersionDate "2008.11.26"]
[SourceQuality "1"]
[WhiteTeam "Mako"]
[BlackTeam "Bekes"]
[WhiteTeamCountry "HUN"]
[BlackTeamCountry "HUN"]

1. d4 d5 2. Nf3 c6 3. c4 Nf6 4. g3 Bf5 5. Bg2 Bxb1 6. Rxb1 Qa5+ 7. Bd2 Qxa2 8. b3 Qa3 9. 0-0 Qd6 10. Bf4 Qd8 11. b4 e6 12. b5 Bd6 13. bxc6 bxc6 14. Ne5 0-0 15. Qa4 Bxe5 16. Bxe5 Nfd7 17. Bxb8 Nxb8 18. Rb7 a5 19. Rfb1 g6 20. cxd5 cxd5 21. e4 dxe4 22. Bxe4 Qd6 23. R7b6 Qd7 24. Qa1 Na6 25. Bxa8 Rxa8 26. Qxa5 Nc7 27. Rb8+ Rxb8 28. Rxb8+ Kg7 29. Rb7 Qxd4 30. Rxc7 Qd1+ 31. Kg2 Qd6 32. Qc3+ Kh6 33. Rxf7 1-0

[Event "HUN-chT 0405"]
[Site "Hungary"]
[Date "2005.04.24"]
[Round "11"]
[White "Balazs, Tibor Jr"]
[Black "Gara, Anita"]
[Result "0-1"]
[WhiteElo "2198"]
[BlackElo "2394"]
[PlyCount "62"]
[EventDate "2004.09.26"]
[EventType "team-tourn"]
[EventRounds "11"]
[EventCountry "HUN"]
[SourceTitle "EXT 2011"]
[Source "ChessBase"]
[SourceDate "2010.11.26"]
[SourceVersion "1"]
[SourceVersionDate "2010.11.26"]
[SourceQuality "1"]
[WhiteTeam "Mako"]
[BlackTeam "PMSE"]
[WhiteTeamCountry "HUN"]
[BlackTeamCountry "HUN"]

1. d4 e6 2. Nf3 c5 3. e4 cxd4 4. Nxd4 Nf6 5. Nc3 Nc6 6. Ndb5 d6 7. a4 a6 8. Na3 d5 9. exd5 exd5 10. Bd3 Bg4 11. Ne2 Bd6 12. h3 Bh5 13. 0-0 Ne5 14. f4 Bc5+ 15. Kh1 Nxd3 16. Qxd3 Bxe2 17. Qxe2+ Ne4 18. Qf3 0-0 19. c3 Re8 20. Nc2 Qb6 21. b4 Bf2 22. a5 Qb5 23. Rd1 Rac8 24. Ra3 Qc4 25. Bb2 Ng3+ 26. Kh2 Re2 27. Rc1 Qe4 28. Qxe4 Nxe4 29. Rb3 Bg3+ 30. Kg1 Bxf4 31. Nd4 Rxb2 0-1